00362 a2200145 4500003000400000005001700004008004100021020001800062040000900080082001900089100001900108245004100127260003900168300000900207OSt20240106125924.0231218b |||||||| |||| 00| 0 eng d a9789350005125 coclc a891.433bSHA/K aSharma, Nasira aKALI CHHOTI MACHHLI /cNasera Sharma aNew Delhi:bVani Prakashan,c2014. a162p